Effectif Haïti - Coupe du monde 2026 - Statistiques

Statistiques générales
  • Ce quiz a été pris 9 fois
    3 depuis la dernière actualisation
  • Le résultat moyen est 6 sur 27
Statistiques - réponses
Poste Club Numéro Joueur % Correct
Milieu Wolverhampton Wanderers 10 Jean-Ricner Bellegarde
100%
Attaquant AFC Sunderland 18 Wilson Isidor
67%
Gardien FC Sochaux-Montbéliard 12 Alexandre Pierre
33%
Défenseur Angers SCO 2 Carlens Arcus
33%
Milieu Philadelphia Union 17 Danley Jean Jacques
33%
Attaquant Toronto FC 7 Derrick Etienne
33%
Défenseur Colorado Springs Switchbacks FC 13 Duke Lacroix
33%
Attaquant Caykur Rizespor 20 Frantzdy Pierrot
33%
Défenseur FC Lugano 5 Hannes Delcroix
33%
Défenseur KAA La Gantoise 22 Jean-Kévin Duverne
33%
Gardien SC Bastia 1 Johnny Placide
33%
Milieu FC Vizela 14 Leverton Pierre
33%
Défenseur AS Nancy-Lorraine 8 Martin Expérience
33%
Sélectionneur - - Sébastien Migné
33%
Milieu El Paso Locomotive FC 6 Carl-Fred Sainthé
0%
Milieu FC Tatran Presov 25 Dominique Simon
0%
Attaquant Esteghlal FC 9 Duckens Nazon
0%
Attaquant AJ Auxerre 21 Josué Casimir
0%
Gardien FC Cosmos Koblenz 23 Josué Duverger
0%
Défenseur BSC Young Boys U21 3 Keeto Thermoncy
0%
Attaquant Ferencvárosi TC 16 Lenny Joseph
0%
Attaquant FC Dallas 11 Louicius Deedson
0%
Milieu Violette Athletic Club 26 Pierre Woodenski
0%
Défenseur LDU Quito 4 Ricardo Adé
0%
Attaquant Almere City FC 15 Ruben Providence
0%
Défenseur Zulte Waregem 24 Wilguens Pauguain
0%
Attaquant FC Vizela 19 Yassin Fortuné
0%
Aucun quiz correspondant
Distribution des résultats
% des personnes avec chaque résultat
Percentile par nombre de réponses
Votre historique - résultats
Vous n’avez pas pris ce quiz depuis la dernière actualisation